Direito e justiça em Niklas Luhmann. (Record no. 33809)
[ view plain ]
| 000 -CABECERA | |
|---|---|
| campo de control de longitud fija | 00622nam a22002057a 4500 |
| 003 - IDENTIFICADOR DEL NÚMERO DE CONTROL | |
| campo de control | OSt |
| 005 - FECHA Y HORA DE LA ÚLTIMA TRANSACCIÓN | |
| campo de control | 20190612103259.0 |
| 008 - DATOS DE LONGITUD FIJA--INFORMACIÓN GENERAL | |
| campo de control de longitud fija | 190612b xxu||||| |||| 00| 0 spa d |
| 020 ## - ISBN | |
| Número Internacional Estándar del Libro | 978-857525-932-9 |
| 040 ## - FUENTE DE LA CATALOGACIÓN | |
| Centro/agencia transcriptor | Biblioteca Ernesto Sábato |
| 092 ## - SIGNATURA TOPOGRÁFICA | |
| Número de clasificación | D340.1 |
| Libristica | S399 |
| 100 ## - Autor Personal | |
| Nombre de persona | Schwarz Viana, Ulisses |
| 245 ## - MENCIÓN DE TÍTULO | |
| Título | Direito e justiça em Niklas Luhmann. |
| Resto del título | Complexidade e contingência no sistema jurídico |
| 260 ## - PUBLICACIÓN, DISTRIBUCIÓN, ETC. (PIE DE IMPRENTA) | |
| Lugar de publicación, distribución, etc. | Porto Alegre |
| Nombre del editor, distribuidor, etc. | Sergio Antonio Fabris |
| Fecha de publicación, distribución, etc. | 2015 |
| 300 ## - DESCRIPCIÓN FÍSICA | |
| Paginas | 336 p |
| 650 ## - Descriptores Tematicos | |
| Término de materia o nombre geográfico como elemento inicial | TEORIA DEL DERECHO |
| 650 ## - Descriptores Tematicos | |
| Término de materia o nombre geográfico como elemento inicial | FILOSOFIA DEL DERECHO |
| 650 ## - Descriptores Tematicos | |
| Término de materia o nombre geográfico como elemento inicial | LUHMANN, NIKLAS-CRITICA |
| 942 ## - ELEMENTOS DE PUNTO DE ACCESO ADICIONAL (KOHA) | |
| Fuente del sistema de clasificación o colocación | Dewey Decimal Classification |
| Tipo de ítem Koha | BDGR |
| Estado de retiro | Estado de pérdida | Fuente del sistema de clasificación o colocación | Estado dañado | No para préstamo | Localización permanente | Ubicación/localización actual | Fecha de adquisición | Número de inventario | Total de préstamos | Signatura topográfica completa | Código de barras | Fecha visto por última vez | Precio válido a partir de | Tipo de ítem Koha |
|---|---|---|---|---|---|---|---|---|---|---|---|---|---|---|
| Dewey Decimal Classification | Biblioteca Ernesto Sabato - FADECS - UNCOMA | Biblioteca Ernesto Sabato - FADECS - UNCOMA | 12/06/2019 | 24536 | D340.1 S399 | 24536 | 12/06/2019 | 12/06/2019 | BDGR |